China Institute of Real Estate Appraisers (Record no. 120326)

MARC details
000 -LEADER
fixed length control field 00786cam a2200205 4500
001 - CONTROL NUMBER
control field WS123990
008 - FIXED-LENGTH DATA ELEMENTS--GENERAL INFORMATION
fixed length control field 031023c2023 000 0 eng eng d
035 ## - SYSTEM CONTROL NUMBER
System control number (Sirsi) u123990
110 ## - MAIN ENTRY--CORPORATE NAME
Corporate name or jurisdiction name as entry element China Institute of Real Estate Appraisers
9 (RLIN) 4530
245 ## - TITLE STATEMENT
Title China Institute of Real Estate Appraisers
520 ## - SUMMARY, ETC.
Summary, etc. Web site for this Chinese organisation for real estate appraisers affiliated to the Ministry of Construction. Includes details of research, qualifications and training.
650 ## - SUBJECT ADDED ENTRY--TOPICAL TERM
Topical term or geographic name entry element ORGANISATION
650 ## - SUBJECT ADDED ENTRY--TOPICAL TERM
Topical term or geographic name entry element CHINA
650 ## - SUBJECT ADDED ENTRY--TOPICAL TERM
Topical term or geographic name entry element INTERNATIONAL
650 ## - SUBJECT ADDED ENTRY--TOPICAL TERM
Topical term or geographic name entry element APPRAISAL
650 ## - SUBJECT ADDED ENTRY--TOPICAL TERM
Topical term or geographic name entry element QUALIFICATIONS
690 ## - LOCAL SUBJECT ADDED ENTRY--TOPICAL TERM (OCLC, RLIN)
Topical term or geographic name as entry element PROPERTY-PROPERTY APPRAISAL AND VALUATION
856 40 - ELECTRONIC LOCATION AND ACCESS
Uniform Resource Identifier <a href="http://www.cirea.org.cn/">http://www.cirea.org.cn/</a>
Public note View the website free of charge at www.cirea.org.cn...
942 ## - ADDED ENTRY ELEMENTS (KOHA)
Suppress in OPAC 0
Source of classification or shelving scheme Dewey Decimal Classification
Holdings
Withdrawn status Lost status Source of classification or shelving scheme Damaged status Not for loan Home library Current library Shelving location Date acquired Total Checkouts Full call number Barcode Date last seen Copy number Price effective from Koha item type
    Dewey Decimal Classification     Virtual Virtual Online 23/10/2003   WEB SITE 123990-1001 24/04/2023 1 06/08/2019 Online material